000 00519nam a2200169Ia 4500
003 PILC
005 20160218094652.0
008 140321s9999 xx 000 0 und d
050 _aBJ 1012
_b.F483 2012
245 _aFilipino christian living 2 :
_bthe perpetualite: a man of God /
_cUniversity of Perpetual Help System.
260 _aManila :
_bMindshapers,
_c2012.
300 _a136 pages ;
_c23 cm.
500 _aIncludes bibliographical references.
650 _aEthics.
942 _kLOC
_cBK
_2lcc
999 _c48466
_d48466